Theatrum Epperiesiense Ao 1687 die 5ta Martij erecta ...

Jedna z kópií známeho opisu prešovských jatiek. Dokument je fragmentárny (chýbajú okraje) a reštaurovaný. Obsahuje tri tragédie so súpisom popravených a básne opisujúce súdobé pomery v 18. storočí

Bibliographic Details
Main Author: Rezik, Ján, asi 1650-1710 (Author)
Format: Manuscript Book
Language:Latin
PhysicalDescription:10 nečíslovaných strán rukopis (odpis), voľné listy 35 cm
Published: [Miesto vzniku nie je známe] [medzi 1764 a 1800?]
Subjects:

MARC

LEADER 00000ntmaa2200000 a 4500
001 vtls011896954
003 SK-MaSNL
005 20260301145038.0
008 251021q1764 xx || 000n1 lat
035 |a urn:nbn:sk:snk-tm00ek6d 
035 |a urn:nbn:sk:snk-tm3n3fj 
035 |a 45714CC2-B427-4A60-9E09-71DC385619BD 
040 |a SNKLA  |b slo  |c SNKLA  |e AACR2 
041 0 |a lat 
044 |a xx 
072 7 |a 94(430/439)  |x Dejiny krajín strednej Európy  |2 konspekt 
072 7 |a 792  |x Divadlo. Divadelné predstavenia  |2 konspekt 
080 |a 025.171  |2 2011 
080 |a 343.25  |2 2011 
080 |a (0:82-2)  |2 2011 
080 |a 94(439.2)  |2 2011 
080 |a (0:82-24)  |2 2001 
100 1 |a Rezik, Ján,  |d asi 1650-1710  |4 aut  |9 53992 
245 1 0 |a Theatrum Epperiesiense Ao 1687 die 5ta Martij erecta ... 
246 3 3 |a Theatrum Epperiesiense Anno 1687 die quinta Martij erecta ... 
260 |a [Miesto vzniku nie je známe]  |c [medzi 1764 a 1800?] 
300 |a 10 nečíslovaných strán  |b rukopis (odpis), voľné listy  |c 35 cm 
500 |a Obsahuje tri tragédie a tri básne 
500 |a Meno autora podľa lístku pôvodného spracovania 
500 |a Vložený lístok pôvodného spracovania 
520 2 |a Jedna z kópií známeho opisu prešovských jatiek. Dokument je fragmentárny (chýbajú okraje) a reštaurovaný. Obsahuje tri tragédie so súpisom popravených a básne opisujúce súdobé pomery v 18. storočí 
555 0 |a Zbierka literárnych jednotlivín 
561 |a Okrúhla pečiatka: Matica slovenská Martin Literárny archív 
650 0 7 |a popravy  |2 SNKPH  |9 4537 
650 0 7 |a hrdelné súdnictvo  |2 SNKPH  |9 2384 
651 7 |a Uhorsko  |x dejiny  |2 SNKPH  |9 56334 
651 7 |a Prešov (Slovensko)  |2 SNKPHgeo  |9 17347 
655 7 |a divadelné hry  |2 SNKPH  |9 70577 
655 7 |a rukopisy  |2 SNKPH  |9 70548 
655 7 |a historické drámy  |2 SNKPH  |9 179856 
740 0 2 |a Tragedia Prima: Martij 5a exhibitum savum ... 
740 0 2 |a Tragedia Ultima: Die 9a May exhibita est. 
740 0 2 |a Confessio Elegiaca Generalis ... 
740 0 2 |a Confessio Specialis Heroica 
740 0 2 |a Passio Lebertatis in Theatro producta Anno 1764 
740 0 2 |a Tragedia Altera: Exhibita Die 22a Mensi Martij 
852 |a Slovenská národná knižnica  |b Literárny archív 
958 |a ZLJ 
958 |a LAVD 
999 |c 778949  |d 780879 
952 |a SNKLA  |b SNKLA  |c SNKLA_DEP  |y NEVYP  |7 0  |p 17A1228914  |o snkJ 349  |0 0  |1 0  |4 0  |d 2019-10-29  |f 1  |l 0  |r 2026-02-24 00:59:29  |w 2026-02-24